| Record ID | ia:html32cdwithjava0000neou |
| Source | Internet Archive |
| Download MARC XML | https://archive.org/download/html32cdwithjava0000neou/html32cdwithjava0000neou_marc.xml |
| Download MARC binary | https://www.archive.org/download/html32cdwithjava0000neou/html32cdwithjava0000neou_meta.mrc |
LEADER: 00797pam a2200241 a 4500
001 96036121
003 DLC
005 19970328111928.3
008 960808s1997 njua 001 0 eng
010 $a 96036121
020 $a0132701251
040 $aDLC$cDLC$dDLC
050 00 $aQA76.76.H94$bN434 1997
082 00 $a005.7/2$220
100 1 $aNeou, Vivian.
245 10 $aHTML 3.2 CD with JavaScript for Windows 95 /$cVivian Neou, Mimi Recker.
260 $aUpper Saddle River, N.J. :$bPrentice Hall PTR,$cc1997.
300 $axxi, 439 p. :$bill. ;$c24 cm. +$e1 computer laser optical disc (4 3/4 in.)
500 $aIncludes index.
650 0 $aHTML (Document markup language)
650 0 $aJavaScript (Computer program language)
630 00 $aMicrosoft Windows (Computer file)
700 1 $aRecker, Mimi.